Statistieken voor Welke Stad is groter in Nederland

Klik hier om de quiz te nemen!

Algemene statistieken

  • Deze quiz is 43 keer genomen
  • De gemiddelde score is 9 van 15

Antwoordstatistieken

VraagAntwoord% Correct
Welke stad is groter?Groningen
97%
Welke stad is groter?Amsterdam
91%
Welke stad is groter?Haarlem
88%
Welke stad is groter?Maastricht
88%
Welke stad is groter?Utrecht
88%
Welke stad is groter?Den Haag
82%
Welke stad is groter?Nijmegen
67%
Welke stad is groter?Amersfoort
64%
Welke stad is groter?Tilburg
61%
Welke Stad is groter?Almere
58%
Welke stad is groter?Ede
42%
Welke stad is groter?Bergen op Zoom
27%
Welke stad is groter?Venlo
24%
Welke stad is groter?Gorinchem
21%
Welke stad is groter?Baarle-Nassau
12%

Scoreverdeling

Percentiel versus Aantal Correcte Antwoorden

Procent van Mensen met Elke Score

Uw Scoregeschiedenis

U heeft deze quiz nog niet genomen